Asesoría municipal y formación ambiental /
Guardado en:
| Autor principal: | |
|---|---|
| Formato: | Texto |
| Materias: | |
| Etiquetas: |
Agregar Etiqueta
Sin Etiquetas, Sea el primero en etiquetar este registro!
|
MARC
| LEADER | 00000 a a2200000 04500 | ||
|---|---|---|---|
| 001 | 7494 | ||
| 003 | |||
| 040 | |||
| 100 | |a Germann - Störkel, Brigitte | ||
| 245 | |a Asesoría municipal y formación ambiental / |c Brigitte Germann - Störkel | ||
| 650 | |a CONTAMINACION | ||
| 650 | |a MEDIO AMBIENTE | ||
| 650 | |a SOCIEDAD | ||
| 650 | |a PARTICIPACION SOCIAL | ||
| 650 | |a CONTAMINACION | ||
| 773 | |g número 9; páginas 68-73 | ||
| 999 | |c 26052 |d 26052 | ||
